Esfuerzo bélico de Navarra en el siglo XVI / (Record no. 12479)

MARC details
000 -LEADER
campo de control de longitud fija 00969nam a22002891i 4500
001 - NÚMERO DE CONTROL
campo de control 12479
003 - IDENTIFICADOR DE NÚMERO DE CONTROL
campo de control ES-MaACL
005 - FECHA Y HORA DE LA ÚLTIMA TRANSACCIÓN
campo de control 20230906150324.0
007 - CAMPO FIJO DE DESCRIPCIÓN FÍSICA--INFORMACIÓN GENERAL
campo de control de longitud fija t|
008 - DATOS DE LONGITUD FIJA--INFORMACIÓN GENERAL
campo de control de longitud fija 900514s1981 sp ||||0| spa j
016 7# - NÚMERO DE CONTROL DE UNA AGENCIA BIBLIOGRÁFICA NACIONAL
Número de control cancelado/no válido IBH8100909237
017 ## - NÚMERO DE COPYRIGHT O DE DEPÓSITO LEGAL
Número de copyright o de depósito legal NA. 166-1981
020 ## - NÚMERO INTERNACIONAL ESTÁNDAR DEL LIBRO
Número Internacional Estándar del Libro 84-235-0511-1
040 ## - FUENTE DE CATALOGACIÓN
Centro catalogador/agencia de origen IBH
Lengua de catalogación spa
Centro/agencia transcriptor M-BN-DP
080 ## - NÚMERO DE LA CLASIFICACIÓN DECIMAL UNIVERSAL
Número de la Clasificación Decimal Universal 355(465.1)"15"
080 ## - NÚMERO DE LA CLASIFICACIÓN DECIMAL UNIVERSAL
Número de la Clasificación Decimal Universal 946.51"15"
100 1# - ENTRADA PRINCIPAL--NOMBRE DE PERSONA
Nombre de persona Idoate, Florencio.
9 (RLIN) 65049
245 10 - MENCIÓN DEL TÍTULO
Título Esfuerzo bélico de Navarra en el siglo XVI /
Mención de responsabilidad, etc. Florencio Idoate.
260 ## - PUBLICACIÓN, DISTRIBUCIÓN, ETC.
Lugar de publicación, distribución, etc. Pamplona :
Nombre del editor, distribuidor, etc. Diputación Foral de Navarra,
Fecha de publicación, distribución, etc. 1981.
300 ## - DESCRIPCIÓN FÍSICA
Extensión 447 p., 28 p. con lám., 2 h. con lám ;
Dimensiones 24 cm.
500 ## - NOTA GENERAL
Nota general Indice.
504 ## - NOTA DE BIBLIOGRAFÍA, ETC.
Nota de bibliografía, etc. Bibliografía: p. 419-425.
651 #4 - PUNTO DE ACCESO ADICIONAL DE MATERIA--NOMBRE GEOGRÁFICO
Nombre geográfico Navarra (Comunidad Autónoma)-
Subdivisión general Historia militar-
Subdivisión cronológica S.XVI.
9 (RLIN) 9109
651 #4 - PUNTO DE ACCESO ADICIONAL DE MATERIA--NOMBRE GEOGRÁFICO
Nombre geográfico Navarra (Comunidad Autónoma)-
Subdivisión general Historia-
Subdivisión cronológica S.XVI.
9 (RLIN) 9107
710 1# - ENTRADA AGREGADA--NOMBRE DE ENTIDAD CORPORATIVA
Nombre de entidad corporativa o nombre de jurisdicción como elemento de entrada Navarra (Comunidad Autónoma).
Unidad subordinada Diputación Foral.
9 (RLIN) 5984
852 ## - LOCALIZACIÓN
Ubicación ES-MaACL
Número de control de estantería L-19712
Sublocalización o colección R.119328
Holdings
Estatus retirado Estado de pérdida Estado de daño No para préstamo Biblioteca de origen Biblioteca actual Ubicación en estantería Fecha de adquisición Fuente de adquisición Total de préstamos Signatura topográfica completa Código de barras Visto por última vez Precio de reemplazo Tipo de ítem Koha
        Biblioteca del Ateneo de Madrid Biblioteca del Ateneo de Madrid Depósito 2 17/01/2008     L-19712 1012715 23/02/2023 23/02/2023 Libro impreso